Statystyki dla Czy znasz TOP 25 reprezentacji o największej wartości?

Kliknij tutaj aby rozwiązać quiz!

Ogólne statystyki

  • Ten quiz został rozwiązany 818 razy
  • Średni wynik to 19 z 25

Statystyki odpowiedzi

Miejsce i wartośćReprezentacja% Poprawnych
18. 216,75 mln €Polska
99%
3. 895,10 mln €Brazylia
98%
2. 933,90 mln €Francja
98%
8. 596,80 mln €Argentyna
97%
4. 702,50 mln €Niemcy
97%
1. 1,09 mld €Anglia
96%
5. 700,10 mln €Hiszpania
96%
10. 513,05 mln €Portugalia
95%
6. 662,60 mln €Belgia
91%
7. 635,00 mln €Włochy
91%
9. 542,50 mln €Holandia
88%
24. 160,43 mln €Rosja
88%
11. 330,15 mln €Chorwacja
79%
16. 223,83 mln €Kolumbia
76%
19. 201,25 mln €Szwajcaria
75%
13. 313,70 mln €Urugwaj
73%
15. 251,40 mln €Dania
71%
17. 223,30 mln €Austria
64%
12. 317,73 mln €Senegal
63%
14. 254,20 mln €Serbia
59%
23. 169,50 mln €Turcja
59%
22. 170,98 mln €Walia
53%
20. 191,93 mln €Maroko
48%
21. 191,10 mln €Nigeria
40%
25. 156,05 mln €Algieria
39%

Rozkład punktacji

Percentyl według liczby udzielonych odpowiedzi

Procent ludzi z każdym wynikiem

Twoja historia wyników

Nie rozwiązałeś tego quizu